[Event "ENG-ch Senior 65+"]
[Site "Leamington"]
[Date "2023.05.08"]
[Round "7.9"]
[White "Stokes, Mike R"]
[Black "Baguley, John"]
[Result "1-0"]
[WhiteElo "1973"]
[BlackElo "1811"]
[PlyCount "111"]
[EventDate "2023.05.04"]
[EventType "swiss"]
[EventRounds "7"]
[EventCountry "ENG"]
[SourceTitle "BritBase"]
[Source "John Saunders"]
[SourceDate "2023.05.08"]
[SourceVersion "1"]
[SourceVersionDate "2023.05.08"]
[SourceQuality "1"]

1. e4 c6 2. d4 d5 3. e5 Bf5 4. h4 h6 5. Bd3 Bxd3 6. Qxd3 e6 7. Nf3 Ne7 8. Nbd2
Nd7 9. c4 c5 10. Nb3 Qb6 11. Bd2 dxc4 12. Qxc4 Nd5 13. Rc1 Rc8 14. O-O Be7 15.
Nxc5 Nxc5 16. b4 O-O 17. dxc5 Qd8 18. Qg4 Kh7 19. Rfd1 Qe8 20. Qe4+ Kh8 21. Rc2
Qb5 22. Rdc1 a5 23. Nd4 Qa4 24. bxa5 Bd8 25. g3 Bxa5 26. Bxa5 Qxa5 27. Nb3 Qa6
28. g4 g6 29. g5 h5 30. Qc4 Rc6 31. Nd4 Qxc4 32. Rxc4 Ra6 33. a4 Rfa8 34. Nb5
Rxa4 35. Nd6 Kg7 36. Nxb7 Rxc4 37. Rxc4 Ra1+ 38. Kg2 Re1 39. c6 Nc7 40. f4 Rd1
41. Nd6 Kf8 42. Rb4 Rc1 43. Rb8+ Ke7 44. Nc8+ Kd8 45. Na7+ Ke7 46. Rb6 Rc2+ 47.
Kf3 Rc3+ 48. Ke2 Rc4 49. Nc8+ Kd8 50. Nd6 Ke7 51. Nxc4 Nd5 52. Rb7+ Kd8 53.
Rd7+ Ke8 54. Nd6+ Kf8 55. Rd8+ Ke7 56. Re8# 1-0

[Event "ENG-ch Senior 65+"]
[Site "Leamington"]
[Date "2023.05.08"]
[Round "7.10"]
[White "Bellers, Chris JV"]
[Black "Neatherway, A Philip"]
[Result "1/2-1/2"]
[WhiteElo "1900"]
[BlackElo "1739"]
[PlyCount "38"]
[EventDate "2023.05.04"]
[EventType "swiss"]
[EventRounds "7"]
[EventCountry "ENG"]
[SourceTitle "BritBase"]
[Source "John Saunders"]
[SourceDate "2023.05.08"]
[SourceVersion "1"]
[SourceVersionDate "2023.05.08"]
[SourceQuality "1"]

1. c4 e5 2. g3 d6 3. Bg2 f5 4. Nc3 Nf6 5. d4 Be7 6. dxe5 dxe5 7. Qxd8+ Bxd8 8.
Nf3 Nbd7 9. O-O c6 10. b3 O-O 11. e4 fxe4 12. Ng5 Nc5 13. Ngxe4 Nfxe4 14. Nxe4
Nxe4 15. Bxe4 Bh3 16. Bg2 Bxg2 17. Kxg2 Bb6 18. Ba3 Rfe8 19. Rad1 Rab8 1/2-1/2

[Event "ENG-ch Senior 65+"]
[Site "Leamington"]
[Date "2023.05.08"]
[Round "7.11"]
[White "Morris, Nigel W"]
[Black "Goodwin, Ed H"]
[Result "0-1"]
[WhiteElo "1363"]
[BlackElo "1817"]
[PlyCount "72"]
[EventDate "2023.05.04"]
[EventType "swiss"]
[EventRounds "7"]
[EventCountry "ENG"]
[SourceTitle "BritBase"]
[Source "John Saunders"]
[SourceDate "2023.05.08"]
[SourceVersion "1"]
[SourceVersionDate "2023.05.08"]
[SourceQuality "1"]

1. d4 Nf6 2. Nf3 g6 3. c4 Bg7 4. Nc3 d6 5. e4 O-O 6. Be2 Bg4 7. Be3 Nbd7 8. Nd2
Bxe2 9. Qxe2 c6 10. Rc1 Ne8 11. O-O c5 12. d5 a6 13. a4 Nc7 14. f4 Rb8 15. Nf3
b5 16. axb5 axb5 17. cxb5 Qc8 18. Bf2 Qb7 19. Bh4 Rfe8 20. Rfd1 Nxb5 21. e5 Nd4
22. Nxd4 cxd4 23. Rxd4 dxe5 24. fxe5 Bxe5 25. Rd2 Bf4 26. Rcc2 Bxd2 27. Qxd2
Ra8 28. h3 Qb4 29. Bf2 Nf6 30. Bd4 Ra1+ 31. Kf2 Qd6 32. Qg5 Qh2 33. Be5 Qg1+
34. Kg3 Nh5+ 35. Kf3 Rf1+ 36. Ke4 f6 0-1

[Event "ENG-ch Senior 65+"]
[Site "Leamington"]
[Date "2023.05.08"]
[Round "7.12"]
[White "Clancy, Martin J"]
[Black "Collins, Nigel"]
[Result "1/2-1/2"]
[WhiteElo "1706"]
[BlackElo "1454"]
[PlyCount "33"]
[EventDate "2023.05.04"]
[EventType "swiss"]
[EventRounds "7"]
[EventCountry "ENG"]
[SourceTitle "BritBase"]
[Source "John Saunders"]
[SourceDate "2023.05.08"]
[SourceVersion "1"]
[SourceVersionDate "2023.05.08"]
[SourceQuality "1"]

1. e4 c5 2. Nf3 d6 3. d4 cxd4 4. Nxd4 Nf6 5. Nc3 a6 6. Be3 e5 7. Nb3 Be7 8. f3
Be6 9. Nd5 Nxd5 10. exd5 Bf5 11. Qd2 Nd7 12. O-O-O Rc8 13. Bd3 Bxd3 14. Qxd3
Bg5 15. g3 Nc5 16. Nxc5 Bxe3+ 17. Qxe3 1/2-1/2

[Event "ENG-ch Senior 65+"]
[Site "Leamington"]
[Date "2023.05.08"]
[Round "7.13"]
[White "Seymour, Paul"]
[Black "Barton, R Alan"]
[Result "1/2-1/2"]
[WhiteElo "1599"]
[BlackElo "1840"]
[PlyCount "27"]
[EventDate "2023.05.04"]
[EventType "swiss"]
[EventRounds "7"]
[EventCountry "ENG"]
[SourceTitle "BritBase"]
[Source "John Saunders"]
[SourceDate "2023.05.08"]
[SourceVersion "1"]
[SourceVersionDate "2023.05.08"]
[SourceQuality "1"]

1. d4 c5 2. c3 e6 3. Nf3 a6 4. a4 b6 5. Bf4 Bb7 6. e3 Nf6 7. h3 Be7 8. Nbd2 O-O
9. Bd3 cxd4 10. exd4 d6 11. O-O Re8 12. Re1 Nbd7 13. Qc2 Rc8 14. Ne4 1/2-1/2

[Event "ENG-ch Senior 65+"]
[Site "Leamington"]
[Date "2023.05.08"]
[Round "7.14"]
[White "Daniels, David W"]
[Black "Erdogan, Hassan"]
[Result "1/2-1/2"]
[WhiteElo "1621"]
[BlackElo "1831"]
[PlyCount "38"]
[EventDate "2023.05.04"]
[EventType "swiss"]
[EventRounds "7"]
[EventCountry "ENG"]
[SourceTitle "BritBase"]
[Source "John Saunders"]
[SourceDate "2023.05.08"]
[SourceVersion "1"]
[SourceVersionDate "2023.05.08"]
[SourceQuality "1"]

1. d4 d6 2. c4 e5 3. e3 exd4 4. exd4 Nf6 5. Bg5 Be7 6. Nf3 O-O 7. Be2 Bf5 8.
O-O Ne4 9. Bxe7 Qxe7 10. Nbd2 Nd7 11. Re1 Qf6 12. Nxe4 Bxe4 13. Qd2 Rfe8 14.
Qc3 c6 15. Nd2 Bf5 16. Bf3 Qg6 17. Nf1 Bg4 18. Bxg4 Qxg4 19. Ng3 Nf6 1/2-1/2

[Event "ENG-ch Senior 65+"]
[Site "Leamington"]
[Date "2023.05.08"]
[Round "7.15"]
[White "Selley, Susan A"]
[Black "Jerome, Stellio"]
[Result "1/2-1/2"]
[WhiteElo "1353"]
[BlackElo "1518"]
[PlyCount "76"]
[EventDate "2023.05.04"]
[EventType "swiss"]
[EventRounds "7"]
[EventCountry "ENG"]
[SourceTitle "BritBase"]
[Source "John Saunders"]
[SourceDate "2023.05.08"]
[SourceVersion "1"]
[SourceVersionDate "2023.05.08"]
[SourceQuality "1"]

1. c4 f5 2. Nc3 Nf6 3. e3 e5 4. d4 e4 5. f3 Bb4 6. a3 Bxc3+ 7. bxc3 O-O 8. Be2
c5 9. Nh3 cxd4 10. cxd4 d5 11. O-O Kh8 12. cxd5 Nxd5 13. Bd2 Be6 14. fxe4 fxe4
15. Rxf8+ Qxf8 16. Bg4 Bxg4 17. Qxg4 Nf6 18. Rf1 Nc6 19. Qh4 Ne7 20. Bb4 Qe8
21. Bxe7 Qxe7 22. Ng5 Kg8 23. Nxh7 Nd5 24. Qxe7 Nxe7 25. Ng5 Nd5 26. Re1 Nc3
27. Rf1 b5 28. Rf5 a5 29. Rc5 b4 30. axb4 axb4 31. d5 b3 32. Rxc3 b2 33. Rb3
Ra1+ 34. Kf2 b1=Q 35. Rxb1 Rxb1 36. Nxe4 Kf7 37. Ng5+ Kf6 38. h4 Rd1 1/2-1/2

[Event "ENG-ch Senior 65+"]
[Site "Leamington"]
[Date "2023.05.08"]
[Round "7.16"]
[White "Pollyn, Stephen M"]
[Black "Jones, Michael R"]
[Result "1-0"]
[WhiteElo "1791"]
[BlackElo "1477"]
[PlyCount "25"]
[EventDate "2023.05.04"]
[EventType "swiss"]
[EventRounds "7"]
[EventCountry "ENG"]
[SourceTitle "BritBase"]
[Source "John Saunders"]
[SourceDate "2023.05.08"]
[SourceVersion "1"]
[SourceVersionDate "2023.05.08"]
[SourceQuality "1"]

1. e4 d6 2. d4 Nf6 3. Nc3 e5 4. dxe5 dxe5 5. Qxd8+ Kxd8 6. Bg5 Be6 7. O-O-O+
Bd6 8. f4 Ke8 9. Bxf6 gxf6 10. f5 Bc8 11. Nf3 Bc5 12. Nd5 Bb6 13. Nxf6+ 1-0

[Event "ENG-ch Senior 65+"]
[Site "Leamington"]
[Date "2023.05.08"]
[Round "7.17"]
[White "Waldock, Adrian Dp"]
[Black "Robinson, Steve"]
[Result "1/2-1/2"]
[WhiteElo "1686"]
[BlackElo "1297"]
[PlyCount "49"]
[EventDate "2023.05.04"]
[EventType "swiss"]
[EventRounds "7"]
[EventCountry "ENG"]
[SourceTitle "BritBase"]
[Source "John Saunders"]
[SourceDate "2023.05.08"]
[SourceVersion "1"]
[SourceVersionDate "2023.05.08"]
[SourceQuality "1"]

1. d4 Nc6 2. Bf4 d5 3. e3 a6 4. a3 g6 5. Bd3 Bg7 6. Nf3 Bg4 7. h3 Bxf3 8. Qxf3
e5 9. dxe5 Nxe5 10. Bxe5 Bxe5 11. c3 c6 12. Nd2 Qf6 13. Qe2 Ne7 14. Nf3 Bxc3+
15. Kf1 Bxb2 16. Rb1 Bxa3 17. Rxb7 Qa1+ 18. Rb1 Qc3 19. g3 O-O 20. Kg2 Rfb8 21.
Bxa6 Rb2 22. Rxb2 Qxb2 23. Qxb2 Bxb2 24. Rb1 Rxa6 25. Rxb2 1/2-1/2

[Event "ENG-ch Senior 65+"]
[Site "Leamington"]
[Date "2023.05.08"]
[Round "7.18"]
[White "Hanks, Peter"]
[Black "Hall, Alan A"]
[Result "0-1"]
[WhiteElo "1249"]
[BlackElo "1747"]
[PlyCount "112"]
[EventDate "2023.05.04"]
[EventType "swiss"]
[EventRounds "7"]
[EventCountry "ENG"]
[SourceTitle "BritBase"]
[Source "John Saunders"]
[SourceDate "2023.05.08"]
[SourceVersion "1"]
[SourceVersionDate "2023.05.08"]
[SourceQuality "1"]

1. d4 Nf6 2. Nc3 d5 3. Bf4 c5 4. e3 Nc6 5. Nb5 e5 6. dxe5 a6 7. exf6 axb5 8.
Bxb5 Qa5+ 9. c3 Qxb5 10. b3 Be6 11. Ne2 Rd8 12. Bc7 Rd7 13. a4 Qa6 14. Bg3 gxf6
15. O-O Bg7 16. Re1 h5 17. f3 h4 18. Bf2 b6 19. Nf4 Ne5 20. Nxe6 fxe6 21. Qc2
Nd3 22. Red1 c4 23. b4 Kf7 24. b5 Qa5 25. e4 h3 26. Rxd3 cxd3 27. Qxd3 hxg2 28.
Be1 Qa7 29. Bf2 Qc7 30. Bg3 Qc4 31. Qe3 d4 32. cxd4 Qxd4 33. Bf2 Qxe3 34. Bxe3
Rd6 35. Kxg2 Ra8 36. f4 f5 37. e5 Rd7 38. Bxb6 Rb7 39. Bc5 Rxb5 40. Bd6 Rba5
41. Rc1 Rxa4 42. Rc7+ Kg8 43. Re7 Rxf4 44. h3 Bf8 45. Rxe6 Bxd6 46. exd6 Rd4
47. Kf3 Rd8 48. Rf6 R4xd6 49. Rxf5 Rf8 50. Rxf8+ Kxf8 51. Kf4 Rg6 52. h4 Kg7
53. Kf5 Rg2 54. Kf4 Kg6 55. Kf3 Rg1 56. Kf2 Rg4 0-1

[Event "ENG-ch Senior 65+"]
[Site "Leamington"]
[Date "2023.05.08"]
[Round "7.19"]
[White "Earlam, Anthony"]
[Black "Carpenter, David J"]
[Result "1-0"]
[WhiteElo "1644"]
[BlackElo "1497"]
[PlyCount "87"]
[EventDate "2023.05.04"]
[EventType "swiss"]
[EventRounds "7"]
[EventCountry "ENG"]
[SourceTitle "BritBase"]
[Source "John Saunders"]
[SourceDate "2023.05.08"]
[SourceVersion "1"]
[SourceVersionDate "2023.05.08"]
[SourceQuality "1"]

1. d4 g6 2. Nf3 Bg7 3. e4 d6 4. Nc3 Bg4 5. Be2 Nf6 6. h3 Bxf3 7. Bxf3 O-O 8. e5
Nc6 9. Bxc6 bxc6 10. exf6 Bxf6 11. Be3 Rb8 12. Rb1 Qc8 13. Ne4 Bg7 14. c3 Qa6
15. a3 f5 16. Ng5 Rf6 17. f4 h6 18. Nf3 Rf7 19. Kf2 Rd8 20. Qe2 Qc8 21. Qc4 Qd7
22. b4 Rdf8 23. Rhd1 e6 24. a4 Kh7 25. Qa6 Ra8 26. b5 cxb5 27. Rxb5 c6 28. Rbb1
Qc7 29. Nd2 e5 30. Kg1 e4 31. Qc4 d5 32. Qe2 Bf8 33. c4 Rd8 34. cxd5 cxd5 35.
Rdc1 Qa5 36. Qb5 Qxb5 37. Rxb5 Rdd7 38. Nb3 Ba3 39. Rc8 Bf8 40. Rbb8 Bg7 41.
Nc5 Rde7 42. Rd8 Bxd4 43. Bxd4 e3 44. Rh8# 1-0